Flags of Cities in the Netherlands - Statistics

General Stats
  • This quiz has been taken 51 times
  • The average score is 3 of 6
Answer Stats
Picture Answer % Correct
Amsterdam
98%
Rotterdam
81%
Den Haag
70%
Maastricht
43%
Scheveningen
13%
Weert
6%
No matching quizzes found
Score Distribution
Percent of People with Each Score
Percentile by Number Answered
Your Score History
You have not taken this quiz